Statistics for Countries with Georgian embassies

Click here to take the quiz!

General Stats

  • This quiz has been taken 65 times
  • The average score is 49 of 59

Answer Stats

ContinentCountry% Correct
Asia/ EuropeRussia
96%
EuropeUnited Kingdom
96%
South AmericaArgentina
94%
AsiaArmenia
94%
OceaniaAustralia
94%
EuropeFrance
94%
EuropeNorway
94%
AsiaAzerbaijan
92%
North AmericaCanada
92%
Asia/ EuropeTurkey
92%
North AmericaUnited States of America
92%
EuropeAustria
91%
EuropeBelgium
91%
AsiaChina
91%
EuropeGreece
91%
AsiaIndia
91%
EuropePoland
91%
EuropeSweden
91%
EuropeBelarus
89%
South AmericaBrazil
89%
EuropeGermany
89%
EuropeHungary
89%
EuropeSpain
89%
Europethe Netherlands
89%
EuropeBulgaria
87%
EuropeCzech Republic
87%
EuropeEstonia
87%
EuropeItaly
87%
EuropeSlovakia
87%
AsiaIran
85%
AsiaJapan
85%
EuropeLatvia
85%
EuropeLithuania
85%
EuropeRomania
85%
EuropeSlovenia
85%
EuropeUkraine
85%
EuropeDenmark
83%
EuropeFinland
83%
AsiaIsrael
83%
EuropePortugal
83%
EuropeSwitzerland
83%
EuropeIreland
81%
EuropeMoldova
81%
AfricaEgypt
77%
North AmericaMexico
77%
AsiaSouth Korea
75%
AsiaIndonesia
74%
AsiaKazakhstan
74%
AsiaSaudi Arabia
74%
AfricaSouth Africa
70%
AsiaUzbekistan
70%
AsiaTurkmenistan
68%
EuropeCyprus
62%
AsiaJordan
60%
AsiaKuwait
60%
AsiaMalaysia
60%
AsiaQatar
58%
EuropeVatican City
58%
AfricaEthiopia
55%

Score Distribution

Percentile by Number Answered

Percent of People with Each Score

Your Score History

You have not taken this quiz